Geography Quiz

Random Geography or World Quiz

Most Visited Cities Quiz Stats

 Plays Quiz Updated Sep 4, 2017

Also try: Greenest US Cities
Challenge
Share
Tweet
Embed
Score 0/20 Timer 08:00
1 Play Today
Rank City % Correct
5New York
96.9%
2London
95.5%
6Singapore
92.6%
13Amsterdam
85.2%
20Prague
84.7%
16Rome
74%
10Seoul
64.7%
1Bangkok
56.7%
15Taipei
56.4%
14Milan
51.8%
Rank City % Correct
12Barcelona
45.3%
17Osaka
42.1%
3Paris
41.8%
4Dubai
41.7%
7Kuala Lumpur
41.6%
11Hong Kong
39%
8Istanbul
36.3%
19Shanghai
26.5%
9Tokyo
22.1%
18Vienna
17.6%

You're not logged in!

Compare scores with friends on all Sporcle quizzes.
OR
Log In

You Might Also Like...

Show Comments

Extras

Top Quizzes Today


Score Distribution

Your Account Isn't Verified!

In order to create a playlist on Sporcle, you need to verify the email address you used during registration. Go to your Sporcle Settings to finish the process.

Report this User

Report this user for behavior that violates our Community Guidelines.

Details: